000 00503nam a22001577a 4500
082 _aT-149
100 _aUbed Ur Rehman, Lt Col.
_948576
245 _aEvaluation of Marshall test method temperature criterion for designing rut resistant bituminous mixes in Pakistan
_cUbed Ur Rehman, Lt Col.
260 _aRisalpur
_bMCE
_c2002
300 _ap 117.:
526 _a0
_b0
_c0
_dT_149
650 _aMSc in CE
_948577
650 _aThesis
_934811
700 _aDr Zafar Iqbal Raja
_948578
942 _2ddc
_cBK
999 _c551460
_d551460